000 00561cam a2200145 4500500
005 20260208003726.0
041 _afre
042 _adc
100 1 0 _aLisi, Francisco L.
_eauthor
245 0 0 _aCharles Brittain, Philo of Larissa. The Last of the Academic Sceptics, Oxford, Oxford University Press, 2001, 424 p.
260 _c2005.
500 _a2
786 0 _nLes Études philosophiques | 72 | 1 | 2005-03-01 | p. 117q-142q | 0014-2166
856 4 1 _uhttps://shs.cairn.info/revue-les-etudes-philosophiques-2005-1-page-117q?lang=fr&redirect-ssocas=7080
999 _c1648669
_d1648669